|
|
|
|
| LEADER |
00000cam a2200000 7i4500 |
| 001 |
0000013643 |
| 005 |
20080409.0 |
| 008 |
080121 |
| 020 |
|
|
|a 9839017950
|
| 090 |
0 |
0 |
|a 297.577
|b NAS
|
| 100 |
0 |
|
|a N Nasuha MA
|
| 245 |
1 |
0 |
|a Mutiara syurga di kamar suami isteri
|c N Nasuha MA
|
| 260 |
|
|
|a Kuala Lumpur :
|b Darul Nu'man ,
|c 2000
|
| 440 |
|
|
|a Seni nafkah batin
|
| 650 |
|
0 |
|a Husband and wife
|x Religious aspects
|
| 650 |
|
0 |
|a Sex
|x Religious aspects
|x Islam
|
| 999 |
|
|
|a 0001006215
|b Book
|c Adult Collection
|e Perbadanan Perpustakaan Awam Johor
|
| 999 |
|
|
|a 0001006216
|b Book
|c Adult Collection
|e Perbadanan Perpustakaan Awam Johor
|
| 999 |
|
|
|a 0001006217
|b Book
|c Adult Collection
|e Perbadanan Perpustakaan Awam Johor
|